Most Abundant Metals in Earth's Crust and the Solar System - Statistics

General Stats
  • This quiz has been taken 1,435 times
    1,433 since last reset
  • The average score is 6 of 11
Answer Stats
Metal % Correct
Iron
97%
Aluminum
76%
Magnesium
63%
Nickel
60%
Sodium
54%
Potassium
53%
Calcium
49%
Titanium
49%
Manganese
48%
Chromium
32%
Barium
15%
No matching quizzes found
Score Distribution
Percent of People with Each Score
Percentile by Number Answered
Your Score History
You have not taken this quiz since the last reset